Introduction à la science du sol : (Record no. 22435)

000 -LEADER
fixed length control field 00997cam a2200265 a 4500
020 ## - INTERNATIONAL STANDARD BOOK NUMBER
ISBN 2100483900 (pbk.)
040 ## - CATALOGING SOURCE
Transcribing agency DLC
041 1# - LANGUAGE CODE
Language code of original and/or intermediate translations of text fre
082 00 - DEWEY DECIMAL CLASSIFICATION NUMBER
Classification number 519 DEN 2001 C283 Or.
100 1# - MAIN ENTRY--AUTHOR NAME
Personal name Bosq, Denis,
245 10 - TITLE STATEMENT
Title Introduction à la science du sol :
Remainder of title sol, végétation, environnement/
260 ## - PUBLICATION, DISTRIBUTION, ETC. (IMPRINT)
Place of publication Chichester, England ;
-- Hoboken, NJ :
Name of publisher John Wiley/Dunod,
Year of publication c2001.
300 ## - PHYSICAL DESCRIPTION
Number of Pages x, 316 p. :
Other physical details ill. ;
Dimensions 24 cm.
500 ## - GENERAL NOTE
General note "This work is in the Wiley-Dunod Series co-published between Dunod and John Wiley & Sons, Ltd."
650 #0 - SUBJECT ADDED ENTRY--TOPICAL TERM
Topical Term Estimation theory.
650 #0 - SUBJECT ADDED ENTRY--TOPICAL TERM
Topical Term Nonparametric statistics.
650 #0 - SUBJECT ADDED ENTRY--TOPICAL TERM
Topical Term Stochastic processes.
650 #0 - SUBJECT ADDED ENTRY--TOPICAL TERM
Topical Term Prediction theory.
700 1# - ADDED ENTRY--PERSONAL NAME
Personal name Blanke, Delphine.
710 2# - ADDED ENTRY--CORPORATE NAME
Corporate name or jurisdiction name as entry element Dunod (Firm)
856 42 - ELECTRONIC LOCATION AND ACCESS
Uniform Resource Identifier http://www.loc.gov/catdir/enhancements/fy0743/2007037321-d.html
856 42 - ELECTRONIC LOCATION AND ACCESS
Uniform Resource Identifier http://www.loc.gov/catdir/enhancements/fy0804/2007037321-b.html
856 41 - ELECTRONIC LOCATION AND ACCESS
Uniform Resource Identifier http://www.loc.gov/catdir/enhancements/fy0806/2007037321-t.html
942 ## - ADDED ENTRY ELEMENTS (KOHA)
Koha item type ADB
952 ## - LOCATION AND ITEM INFORMATION (KOHA)
Withdrawn status [LOCAL, KOHA] 0
Holdings
Permanent Location Date acquired Koha item type Lost status Shelving location Barcode Current Location Full call number
Library Block C2023-12-27ADB C283a06611Library Block C519 DEN 2001 C283 Or.
មជ្ឈមណ្ឌលឯការនៃសាកលវិទ្យាល័យភូមិន្ទកសិកម្មចំការដូង

Powered by Koha